[Event "GER-chT U12"]
[Site "Muenchen"]
[Date "2022.12.30"]
[Round "7"]
[White "Hahn, Julian"]
[Black "Jankowski, Antoni"]
[Result "1/2-1/2"]
[WhiteElo "1214"]
[BlackElo "1119"]
[PlyCount "126"]
[EventDate "2022.12.26"]
[EventType "team-swiss"]
[EventRounds "7"]
[EventCountry "GER"]
[SourceTitle "CBM 212 Extra"]
[Source "ChessBase"]
[SourceDate "2023.03.31"]
[SourceVersion "1"]
[SourceVersionDate "2023.03.31"]
[SourceQuality "1"]
[WhiteTeam "Kaiserslautern"]
[BlackTeam "Berlin Empor"]
[WhiteTeamCountry "GER"]
[BlackTeamCountry "GER"]

1. e4 c6 2. Nc3 d5 3. Nf3 dxe4 4. Nxe4 Nf6 5. Qe2 e6 6. d4 Be7 7. Bg5 h6 8. Bh4 Nbd7 9. 0-0-0 b5 10. Nc5 Qc7 11. b4 a5 12. a3 axb4 13. axb4 Nd5 14. Kd2 Nxb4 15. Bg3 Qd8 16. Ke1 Ra2 17. Rc1 Nxc5 18. dxc5 Bxc5 19. Qe4 Qd5 20. Qxd5 exd5 21. Bd3 0-0 22. Kd1 Bg4 23. Be2 Rfa8 24. h3 Bh5 25. Kd2 Be7 26. Kc3 R8a3+ 27. Kd2 Bxf3 28. gxf3 Bg5+ 29. f4 Bf6 30. f5 Bg5+ 31. f4 Rxg3 32. fxg5 Rxg5 33. Kc3 Na6 34. Rhe1 Ra3+ 35. Kb2 Rxh3 36. Ra1 Re3 37. Rxa6 Rg2 38. Bf1 Rxc2+ 39. Kxc2 Rxe1 40. Bd3 g6 41. Rxc6 gxf5 42. Rxh6 Kg7 43. Rh5 Re5 44. Bxb5 d4 45. Bd3 Rc5+ 46. Kd2 Re5 47. Rh4 Rd5 48. Bc4 Rd6 49. Be2 Kf6 50. Kd3 Kg5 51. Rh5+ Kg6 52. Rh3 f4 53. Ke4 Re6+ 54. Kf3 Re3+ 55. Kg4 Rxe2 56. Kxf4 Rd2 57. Rg3+ Kf6 58. Ke4 d3 59. Ke3 Rd1 60. Rg4 Ke5 61. Re4+ Kf5 62. Rf4+ Kg6 63. Rg4+ Kf6 1/2-1/2